| 000 | 00372nam a2200157Ia 4500 | ||
|---|---|---|---|
| 100 | _aBiswas/Gautam/ Chopra/K.L | ||
| 650 | _aEducation | ||
| 942 | _cBK | ||
| 366 | _f20 | ||
| 245 | _aProfile of Engineering Education in India:Status | ||
| 260 |
_bNarosa Publication House _c2010 |
||
| 082 |
_a620 _bBIS |
||
| 300 | _a236 | ||
| 546 |
_aENGLISH _cComputers |
||
| 999 |
_c28682 _d28682 |
||